00415nam a2200097Ia 4500008004100000100002600041245014100067260003300208650001500241856006100256160909s9999 xx 000 0 und d aSchachter, Jessica S. aProcesses and mechanisms of change in integrative behavioral couple therapy: A case study of one couple with distress over child rearing bPepperdine University.c2016 aPSYCHOLOGY uhttp://pqdtopen.proquest.com/doc/1700412480.html?FMT=ABS